00317nam a2200133Ia 4500008004100000041001200041082001100053100002100064245004300085250000900128260001600137650000700153700002300160221030s9999 xx 000 0 und d aEnglish a105.23 aRajneesh Kumar/1 0aDesign of 400 KV Ttransmission Line a1999 aJammuc1999 aEE aCharanjeet Singh/2